[Event "Turnier 40 / 120"]
[Site "Wien"]
[Date "2022.01.20"]
[Round "28"]
[White "Mephisto Lyon 68020 - 12 MHZ"]
[Black "Pewatronic Masterchess SH7034 - 24 MHZ"]
[Result "1-0"]
[BlackElo "2155"]
[WhiteElo "2173"]

1. d4 e6 2. Nf3 d5 3. c4 Nf6 4. Nc3 Be7 5. Bf4 O-O 6. e3 c5 7. dxc5 Bxc5 8.
Qc2 Nc6 {Buchende} 9. a3 {Buchende} d4? {gleich der erste Berechnete Zug
des Pewatronic ist ganz schwach und bringt Weiss bereits ganz klar in
Vorteil, Stockfish +1,50 mit der Fortsetzung 0-0-0, weit besser war Da5 mit
geringem Vorteil für Weiss (diesen Zug hatte der Mephisto Lyon 68020
übrigens noch im Buch)} 10. O-O-O {Buchbewertung Mephisto Lyon 68020:
+0,72} Nh5? {auch der 2. berechnete Zug des Pewatronic ist ganz schwach,
deutlich besser ist De7, nach dem Textzug ist die Partie praktisch schon
verloren, Stockfish +3,00 für Weiss mit der Fortsetzung exd4} 11. Na4? {um
ganze 2 Bauerneinheiten schwächer als exd4, Stockfish +1,00 für Weiss.} b6
12. Bg5 f6 13. Qe4? {verspielt den gesamten Vorteil, Stockfish 0,00 mit der
Fortsetzung De8} Bd7 14. Bh4 f5 15. Qc2 Qe8? {diese komplizierte Stellung
überfordert beide Geräte, dieser Zug verliert, Stockfish +2,20 für Weiss
mit der Fortsetzung Sxc5, nötig war Dc7 mit Ausgleich, eine weitere
Kommentierung wird vorläufig eingestellt.} 16. Nxc5 bxc5 17. exd4 cxd4 18.
Nxd4 Nxd4 19. Rxd4 e5 20. Rd6 Rc8 21. c5 Bb5 {diese Stellung ist schon
hoffnungslos verloren für Schwarz, Stockfish +4,50 für Weiss.} 22. Bc4+
Bxc4 23. Qxc4+ Qf7 24. Qxf7+ Rxf7 25. b4 Nf4 26. Bg3 Ne2+ 27. Kd2 Nxg3 28.
hxg3 {die 3 geschlossen Bauern am Damenflügel gegen nur 1 schwarzen
entscheiden natürlich die Partie, Stockfish +7,00 für Weiss.} g6 29. Kd3
Kg7 30. Kc4 Re7 31. Rc1 e4 32. Rc3 Rec7 33. Kd5 h5 34. a4 Rb8 35. b5 Kh7
36. c6 Re7 37. Rd7 Rg7 38. Kd6 Rc8 39. c7 g5 40. Rxg7+ Kxg7 41. Kd7 {Rest
geschenkt} 1-0
[/pgn]
[pgn]

[Event "Turnier 40 / 120"]
[Site "Wien"]
[Date "2022.01.20"]
[Round "29"]
[White "Pewatronic Masterchess SH7034 - 24 MHZ"]
[Black "Mephisto Lyon 68020 - 12 MHZ"]
[Result "1/2-1/2"]
[BlackElo "2173"]
[WhiteElo "2155"]

1. e4 c6 2. d4 d5 3. Nc3 dxe4 4. Nxe4 Nd7 5. Bd3 Ngf6 6. Ng5 e6 7. N1f3 Bd6
{Buchende} 8. c3 h6 {Buchbewertung Mephisto Lyon 68020: -0,09} 9. Ne4
{Buchende} Nxe4 10. Bxe4 {Buchbewertung Pewatronic Masterchess: 0,0 / lt.
Stockfish ist die Stellung ausgeglichen} c5 11. Be3 O-O 12. Bc2 c4 13. Qe2
Qc7 14. Nd2 Nb6? {deutlich besser ist b5, nach dem Textzug könnte Weiss
mittels g4 schon klar in Vorteil kommen, Stockfish +1,50} 15. Ne4 {deutlich
schwächer als g4, Stockfish +0,50 für Weiss mit der Fortsetzung Le7} Be7
16. Nc5? {ein schwacher Zug, der nun Schwarz in Vorteil bringt, Stockfish
+1,00 mit der Fortsetzung Sd5, immer noch war g4 die beste Wahl mit
leichtem Vorteil für Weiss.} Rd8 {dieser Zug bringt Schwarz keinen Vorteil,
Stockfish 0,00} 17. O-O-O a5 {deutlich besser ist Sd5} 18. Qg4 Kf8 19. Qe4
Nd5 20. Qh7 f5 21. Qg6? {deutlich besser ist g4 und die Stellung ist im
Lot, nach dem Textzug könnte Schwarz mittels a4 schon deutlich in Vorteil
kommen, Stockfish +2,00} Bxc5 {doch diese komplizierte Stellung überfordert
beide Geräte, nach diesem Zug wechselt der Vorteil gleich wieder auf die
Seite von Weiss, Stockfish +1,50} 22. dxc5 Bd7 {besser ist Sxe3} 23. g4?
{ein schwacher Zug, der nahezu den gesamten Vorteil verspielt, Stockfish
nur noch +0,80 für Weiss mit der Fortsetzung Sxe3, deutlichen Vorteil
versprach Txd5 !} Ne7? {verliert sofort, Stockfish +5,00 für Weiss mit der
Fortsetzung Dh7} 24. Qh5? {aber Pewatronic kann die Chance nicht nutzen,
die Stellung ist wieder im Lot.} Bc6 {besser ist Le8} 25. Rhe1 {besser ist
Txd8 mit Vorteil für Weiss, nach dem Textzug ist wieder alles im Lot,
Stockfish 0,00} Bf3? {verliert sofort, Stockfish +4,00 für Weiss mit der
Fortsetzung Txd8, nötig war Txd1 mit Ausgleich} 26. Rxd8+ Rxd8 27. Bxh6!
{der richtige Zug, Stockfish +5,00 für Weiss.} Qd7 28. Bg5 Bxg4 29. Qh4 Re8
30. h3 Bf3 31. Qg3 Bc6 32. Rd1 {deutlich besser ist Lf6, Weiss bleibt aber
noch klar im Vorteil mit ca. +2,50} Nd5 33. Qd6+? {ein ganz schlechter Zug,
der Schwarz bezüglich seiner unsicheren Königsstellung von allen Sorgen
befreit, damit verspielt Weiss auf einen Schlag den gesamten Vorteil,
Stockfish nur noch +0,30 für Weiss, nötig war Dh4 mit klarem Vorteil (das
hatte der Lyon erwartet)} Qxd6 34. cxd6 Kf7 35. Rd4 Nb6 36. Rd2 Rh8 37. h4
Ke8 {die Stellung ist im Lot, Stockfish 0,00} 38. Be3 Nc8 39. Rd4 b5 40. a4
Kd7 41. axb5 Bxb5 42. Bf4 Rxh4 43. Rxc4 Nxd6 44. Rd4 e5 45. Bxe5 Rxd4 46.
cxd4 {die Stellung ist im Lot, Stockfish 0,00} g6 47. Kd2 Bc6 48. Bb3 a4
49. Bg8 g5 50. Kd3 Bg2 {besser ist Le4, Weiss hat leichten Vorteil mit ca.
+0,50 mit der Fortsetzung d5} 51. d5 f4 {besser ist Ke7, Weiss ist mit ca.
+1,00 im Vorteil mit der Fortsetzung Kd4} 52. Be6+ {deutlich schwächer als
Kd4, Weiss ist nur noch minimal im Vorteil mit ca. +0,15} Ke7 53. Kd4 Bf3
54. Bh8 Nf7 55. Bxf7 Kxf7 56. Ke5 g4 57. Kxf4 Bxd5 58. Kxg4 {Userentscheid:
Remis} 1/2-1/2
[/pgn]
[pgn]

[Event "Turnier 40 / 120"]
[Site "Wien"]
[Date "2022.01.21"]
[Round "30"]
[White "Mephisto Lyon 68020 - 12 MHZ"]
[Black "Pewatronic Masterchess SH7034 - 24 MHZ"]
[Result "1-0"]
[BlackElo "2155"]
[WhiteElo "2173"]

1. d4 Nf6 2. c4 e5 3. dxe5 Ng4 4. Bf4 Nc6 5. Nf3 Bb4+ 6. Nc3 Bxc3+ 7. bxc3
Qe7 8. Qd5 f6 9. exf6 Nxf6 10. Qd3 O-O 11. e3 {Buchende} d6 {Buchende} 12.
Be2 {Buchbewertung Mephisto Lyon 68020: +0,54} Ne5 {Buchbewertung
Pewatronic Masterchess: -0,4 lt. Stockfish steht Weiss etwas besser mit ca.
+0,60} 13. Nxe5 dxe5 14. Bg3 Bd7 15. O-O Rad8 16. Qb1 Bc6 17. Qb4 Qe6 18.
Rfd1 Ne4 19. Rxd8 Rxd8 20. Bf3 Nxg3 21. hxg3 e4 22. Bd1 Rd2 23. Bb3 Qd7 24.
Qa5 a6 25. Qe5 {Weiss steht etwas besser, Stockfish +0,70} Kh8 26. Re1 h6
27. c5 Kh7 {besser ist a5, Stockfish +1,20 für Weiss mit der Fortsetzung
Le6} 28. Be6 Qd8 29. Bf5+ Kh8 30. Bxe4 Rxa2 {besser ist Lxe4, Stockfish
+2,00 für Weiss} 31. Bxc6 bxc6 32. Qd4 Qf8? {deutlich mehr Widerstand bot
Dd5, nach dem Textzug ist die Partie praktisch verloren, Stockfish +4,50
für Weiss mit der Fortsetzung e4} 33. e4 a5 34. e5 Qe8 35. e6 Qe7 36. Kh2
Kh7 37. Qd3+ g6 38. Re4 Rxf2 39. Qd7 {Stockfish Matt in 15} Qg7 40. e7
{Rest geschenkt} 1-0
[/pgn]
[pgn]

[Event "Turnier 40 / 120"]
[Site "Wien"]
[Date "2022.01.22"]
[Round "31"]
[White "Pewatronic Masterchess SH7034 - 24 MHZ"]
[Black "Mephisto Lyon 68020 - 12 MHZ"]
[Result "0-1"]
[BlackElo "2173"]
[WhiteElo "2155"]

1. d4 d5 2. c4 dxc4 3. Nf3 Nf6 4. e3 e6 5. Bxc4 c5 6. O-O a6 7. Qe2 b5 8.
Bb3 Bb7 9. Nc3 Nbd7 10. e4 cxd4 11. Nxd4 {Buchende} Bd6 {Buchende} 12. Bc2
{Buchbewertung Pewatronic Masterchess: -0,1, deutlich besser ist Le3,
Stockfish +1,00 für Schwarz} Qc7 {Buchbewertung Mephisto Lyon 68020: 0,72,
besser war 0-0, Stockfish +0,40 für Schwarz mit der Fortsetzung f4} 13. f4
Bc5 14. Rd1 e5 15. fxe5 Nxe5 16. Nd5 {deutlich besser ist Lf4, Stockfish
+1,60 für Schwarz} Nxd5 {eindeutig die falsche Schlagoption, vorteilhaft
war Lxd5, nach dem Textzug ist Schwarz nur noch knapp im Vorteil mit ca.
+0,30} 17. exd5 Rd8 18. b4 Bb6 19. Bb2? {verliert die Partie sofort,
Stockfish +4,50 für Schwarz mit der Fortsetzung 0-0, nötig war Kh1 und
alles ist im Lot.} O-O 20. Rac1 Nc4 21. Bd3 {besser ist noch Kh1, verliert
aber auch schon, Stockfish +6,70 für Schwarz mit der Fortsetzung Tfe8} Bxd5
22. Bxc4 Bxc4 23. Qf2 Rfe8 24. Rd2 Qd6 25. Bc3 Re4 26. Rcd1 Rf4 27. Qe3 Qf6
28. Kh1 Rf1+ 29. Rxf1 Qxf1+ 30. Qg1 Qxg1+ 31. Kxg1 f5 32. a3 Re8 33. Kf2
Kf7 34. Bb2 g5 35. h3 f4 36. Kg1 Kg6 37. Kh2 Rd8 38. Kg1 h5 39. Ba1 g4 40.
hxg4 hxg4 41. Rd1 Re8 42. Kh1 Re7 43. Bb2 Bd5 44. Ba1 Re3 45. Bb2 Rh3+ 46.
Kg1 Rb3 47. Bc1 Rb1 48. Kh2 g3+ 49. Kh3 Bxd4 50. Rxd4 Be6+ 51. Kh4 Rxc1
{Rest geschenkt} 0-1
[/pgn]
[pgn]

[Event "Turnier 40 / 120"]
[Site "Wien"]
[Date "2022.01.23"]
[Round "32"]
[White "Mephisto Lyon 68020 - 12 MHZ"]
[Black "Pewatronic Masterchess SH7034 - 24 MHZ"]
[Result "1/2-1/2"]
[BlackElo "2155"]
[WhiteElo "2173"]

1. d4 Nf6 2. c4 e6 3. Nf3 d5 4. Nc3 Be7 5. Bg5 O-O 6. e3 h6 7. Bh4 Ne4 8.
Bxe7 Qxe7 9. cxd5 Nxc3 10. bxc3 exd5 11. Qb3 Qd6 12. c4 dxc4 {Buchende} 13.
Bxc4 Nc6 {Buchbewertung Pewatronic Masterchess: 0,0} 14. Qc3 Bg4 15. Be2
{Buchende} Rfe8 16. O-O {Buchbewertung Mephisto Lyon 68020: +0,69 / lt.
Stockfish steht Weiss besser mit ca. +0,80} Nb4 17. Rab1 Nd5 18. Qc2 Rab8
19. Rb2 c6 20. Rc1 Qe7 21. Rcb1 Bh5 22. Qb3 Nb6 23. Ne5 Bxe2 24. Rxe2 Rbd8
25. Reb2 Rd5 {die Stellung ist im Lot} 26. Rc1 Rb5 27. Qc2 Rxb2 28. Qxb2
Rd8 29. g3 Nd5 30. Qb3 f6 31. Nd3 g5 32. Qa4 a5 {Weiss steht etwas besser,
Stockfish +1,00} 33. Rc2 Ra8 34. Rb2 Kg7 35. Nc5 b5 36. Qc2 Nb6 37. Qf5 Nc4
38. Rc2 Re8 39. Qf3 Qd6 40. a4 Rb8? {deutlich besser ist Kg6, Stockfish
+2,00 für Weiss mit der Fortsetzung Tc1} 41. Qe4? {dieser Zug bringt
allerdings keinen Vorteil für Weiss, Stockfish 0,00 mit der Fortsetzung
Dd5} Qd5 42. Qxd5 cxd5 43. axb5 Rxb5 44. Ne6+ Kf7 45. Nc7 Rb1+ 46. Kg2 Nb6
47. Rc5 a4 48. Nxd5 a3 49. Nc3 Na4 50. Rc7+ Ke8 51. Na2 Rb2 52. Ra7 Rxa2
53. Rxa4 {die Stellung ist Remis, Stockfish 0,00} Ke7 {nach diesem Zug ist
Weiss klar im Vorteil, nötig war g4 und es ist Remis, Stockfish +1,70 für
Weiss mit der Fortsetzung g4} 54. g4 Kf7 {besser ist Kd7, nach diesem Zug
ist die Partie praktisch verloren für Schwarz, Stockfish +2,80 für Weiss
mit der Fortsetzung Kf3} 55. Kf3 Kg6 56. Ra6 Kf7 57. e4? {doch
Turmendspiele sind schwierig, dieser Zug verschenkt den Sieg, danach ist
die Partie Remis, gewonnen hätte d5} Ra1 58. d5 a2 59. Ra7+ Kf8 60. h3 Ke8
61. Ke2 Kd8 62. Ra8+ Kc7 {der weisse König kann die 2. Reihe nicht
verlassen, um den Vormarsch seiner Bauern zu unterstützen, da er immer vom
schwarzen Turm Schach bekommt und der Bauer a2 entscheidet die Partie,
ebenso darf der weisse Turm die A-Linie aus gleichem Grund nicht verlassen,
der weisse Mehrbauer ist daher nicht mehr verwertbar: Userentscheid: Remis
/ Stockfish 0,00} 1/2-1/2
[/pgn]
[pgn]

[Event "Turnier 40 / 120"]
[Site "Wien"]
[Date "2022.01.23"]
[Round "33"]
[White "Pewatronic Masterchess SH7034 - 24 MHZ"]
[Black "Mephisto Lyon 68020 - 12 MHZ"]
[Result "1-0"]
[BlackElo "2173"]
[WhiteElo "2155"]

1. c4 c5 2. Nc3 Nc6 3. Nf3 {Buchende} g6 4. e3 {Buchbewertung Pewatronic
Masterchess: -0,1} Nf6 5. d4 cxd4 6. exd4 d5 {Buchende} 7. Bg5 Be6
{Buchbewertung Mephisto Lyon 68020: -0,42 / lt. Stockfish ist die Stellung
exakt gleich 0,00} 8. Bxf6 exf6 9. cxd5 Bxd5 10. Bb5 Bb4 11. O-O O-O 12.
Nxd5 Qxd5 13. Qd3 Rad8 14. Bc4 Qd6 15. Rfd1 Ba5 16. Bb5 Bb6 17. Bxc6 bxc6
18. a4 Rfe8 19. a5 Bc7 20. Qa6 Qd7 21. b4 Bf4 22. Rab1 Rb8 23. Qc4 Qd5 24.
Qc3 Re2 25. Qc5 a6 26. Qa7 Qa2 27. Ra1 Qc4 {die Stellung ist im Lot,
Stockfish 0,00} 28. Ne5 Bxe5 29. dxe5 Qxb4 30. exf6 Rbe8 31. Qxa6 R2e6 {ein
schlechter Zug, der Weiss klar in Vorteil bringt, nötig war Te1+ mit
Ausgleich, nach dem Textzug ist Weiss im Vorteil mit ca. +1,20 mit der
Fortsetzung Df1} 32. Qf1 Rxf6 33. a6 Ra8 34. Rdb1? {deutlich besser ist Td7
mit ca. +1,50 für Weiss, nach dem Textzug ist die Stellung wieder im Lot,
Stockfish 0,00 mit der Fortsetzung Dd4} Qd4 35. Ra3 Rf5 36. Rba1 Ra7 37.
R1a2 Re5 38. Ra4 Qc5 39. Ra1 Rf5 40. R4a2 Qd6 41. Re1 Qd5? {ein schwacher
Zug, der Weiss wieder klar in Vorteil bringt, Stockfish +2,00 mit der
Fortsetzung Te8+, nötig war c5 und alles bleibt im Lot.} 42. Re8+ Kg7 43.
Ree2? {damit ist allerdings kein Blumentopf zu gewinnen, nötig war Da1+ mit
klarem Vorteil für Weiss, nach dem Textzug ist wieder alles im Lot,
Stockfish 0,00, aber solche Schwerfigurenendspiele auf einem offenen Brett
haben natürlich unzählige Zugmöglichkeiten, es ist klar, dass beide Geräte
nicht immer die optimalen Züge finden, die nötige Rechentiefe ist einfach
nicht machbar.} c5 44. Ra5 Qd6 45. Rea2 Rd5 46. Ra1 Rd2 47. R5a2 Rxa2 48.
Rxa2 Qe6 49. Qa1+ Kg8 50. h3 {die Stellung ist Remis} c4 51. Rb2 Qc8 52.
Ra2 Qe6 53. Ra4 Qc6 54. Qd4 Qxa4 55. Qxa7 Qd1+ 56. Kh2 Qd6+ 57. g3 c3 58.
Qb7 Qd2? {ein absoluter Katastrophenzug, der die Partie sofort verliert,
der Mephisto Lyon 68020 glaubt hier an ein Remis mit 0,00, Stockfish +50,00
für Weiss mit der Fortsetzung Kg2} 59. Kg2 {Pewatronic Masterchess erkennt
klaren Vorteil: +1,7} Qb2 {Mephisto Lyon -0,39 sieht die Gefahr noch nicht}
60. Qc8+ Kg7 61. a7 {Pewatronic: +8,8 sieht den Gewinn / Stockfish Matt in
17} Qa3 62. a8=Q Qxa8+ 63. Qxa8 {Rest geschenkt} 1-0
[/pgn]
[pgn]

[Event "Turnier 40 / 120"]
[Site "Wien"]
[Date "2022.01.24"]
[Round "34"]
[White "Mephisto Lyon 68020 - 12 MHZ"]
[Black "Pewatronic Masterchess SH7034 - 24 MHZ"]
[Result "1-0"]
[BlackElo "2155"]
[WhiteElo "2173"]

1. e4 c6 2. Nf3 d5 3. Nc3 Bg4 4. h3 Bxf3 5. Qxf3 e6 {Buchende} 6. d3
{Buchende} Bb4 {Buchbewertung Pewatronic Masterchess: 0,0} 7. Qg3
{Buchbewertung Mephisto Lyon 68020: +0,27 / lt. Stockfish steht Weiss knapp
besser mit ca. +0,20} Nf6 8. e5 Nh5 {besser ist Da5, Stockfish +0,70 für
Weiss} 9. Qg4 d4 10. a3 Ba5? {besser ist Le7, Stockfish +1,80 für Weiss mit
der Fortsetzung b4} 11. b4 dxc3? {deutlich schwächer als Lc7, nach dem
Textzug ist die Partie praktisch verloren, Stockfish +3,40 für Weiss mit
der Fortsetzung bxa5} 12. bxa5 g6 13. Qb4 Nd7 14. Qxc3 O-O 15. Rb1 b6 16.
Be2 Ng7 17. O-O bxa5 18. Bf3 Nf5 19. g4 Ne7 20. Bg5 {deutlich besser ist
Lh6, Stockfish +1,50 für Weiss mit der Fortsetzung Sd5} Rc8? {ein ganz
schlechter Zug, der die Partie sofort verliert Stockfish +5,30 für Weiss
mit der Fortsetzung Dd4} 21. Qd4 c5 22. Qf4 Nb6 23. Rxb6! {stark gespielt,
entscheidet endgültig die Partie, Stockfish +7,00 für Weiss.} axb6 24. Bf6
Nd5 25. Bxd5 Qxf6 26. exf6 {Rest geschenkt} 1-0
[/pgn]
[pgn]

[Event "Turnier 40 / 120"]
[Site "Wien"]
[Date "2022.01.24"]
[Round "35"]
[White "Pewatronic Masterchess SH7034 - 24 MHZ"]
[Black "Mephisto Lyon 68020 - 12 MHZ"]
[Result "0-1"]
[BlackElo "2173"]
[WhiteElo "2155"]

1. d4 d5 2. c4 dxc4 3. Nf3 Nf6 4. e3 e6 5. Bxc4 c5 6. O-O a6 7. Qe2 b5 8.
Bb3 Bb7 9. Rd1 Nbd7 10. Nc3 Qb6 11. a4 {Buchende} b4 {Buchende} 12. Nb1
{Buchbewertung Pewatronic Masterchess: 0,0} cxd4 {Buchbewertung Mephisto
Lyon 68020: +0,27 / lt. Stockfish ist die Stellung etwa gleich.} 13. Nxd4
Bd6 14. Nd2 Qc7 15. N2f3 Nc5 16. Bc4 O-O 17. b3? {deutlich besser ist Ld2
mit Ausgleich, nach dem Textzung ist Schwarz mit +1,30 im Vorteil mit der
Fortsetzung Sce4} Nfe4 {deutlich schwächer als Sce4, Stockfish +0,70 für
Schwarz} 18. Bb2 Nc3 19. Bxc3 bxc3 20. Qc2 Ne4 21. Bxe6? {ein ganz
schlechter Zug, der die Partie sofort verliert, Stockfish +5,00 für
Schwarz, nötig war Se2 mit nur geringem Vorteil für Schwarz.} fxe6 22. Nxe6
Qf7 23. Nxf8 Rxf8 24. Rac1 {Pewatronic hat von dieser Stellung keine
Ahnung, Bewertung nur -0,1} Qh5 {Mephisto Lyon 68020 sieht sich bereits
ganz klar im Vorteil mit +1,87 / Stockfish +5,00} 25. Rxd6 {Pewatronic:
-1,3} Nxd6 26. Ne1 Qd5 27. Rd1 Qe5 28. b4 Be4 29. Qe2 Ra8 30. f3 c2? {den
weit vorgerückten Freibauern herzugeben ist keine gute Idee, dieser Zug ist
um 3 Bauerneinheiten schwächer als Lg6, Stockfish +2,00 für Schwarz.} 31.
Nxc2 Bxc2 32. Qxc2 Qxe3+ 33. Qf2 Nc4 34. Qxe3 Nxe3 35. Rd6 Rb8 36. Kf2 Nc4
{deutlich besser ist Sf5} 37. Rxa6 Rxb4 38. Ke2 {besser ist Ta8+} Rb2+ 39.
Kd3 Ne5+ 40. Ke4 Nd7 41. Ra7 Nf6+ 42. Kf4 Rxg2 43. h4 Nh5+ 44. Kf5 g6+ 45.
Ke5 Rh2 46. a5 Rxh4 47. Ra8+ Kg7 48. a6 Ra4 {Rest geschenkt} 0-1
[/pgn]
[pgn]

[Event "Turnier 40 / 120"]
[Site "Wien"]
[Date "2022.01.25"]
[Round "36"]
[White "Mephisto Lyon 68020 - 12 MHZ"]
[Black "Pewatronic Masterchess SH7034 - 24 MHZ"]
[Result "0-1"]
[BlackElo "2155"]
[WhiteElo "2173"]

1. e4 e6 2. d4 d5 3. e5 c5 4. c3 Nc6 5. Nf3 Qb6 6. a3 c4 7. g3 f6 8. exf6
Nxf6 {Buchende} 9. Bg2 Bd6 {Buchbewertung Pewatronic Masterchess: 0,0} 10.
O-O {Buchende} O-O 11. Qe2 {Buchbewertung Mephisto Lyon 68020: -0,24 / lt.
Stockfish ist die Stellung etwa gleich} Rb8 12. Ne5 Qc7 13. f4 b5 14. Be3
Bb7 15. Qc2 a5 16. Nd2 b4 17. axb4 axb4 18. Bh3 Rfe8 19. Ra4 b3 20. Qb1 Qe7
21. Ndf3 Ra8 22. Rxa8 Rxa8 23. Ng5 Nd8 24. f5 Bc8 25. fxe6 Nxe6 26. Bf5
{die Stellung ist im Lot, Stockfish 0,00} Nxg5 27. Bxg5 Bxe5 28. dxe5 Qa7+?
{ein schwacher Zug, danach ist Weiss ganz klar im Vorteil, Stockfish +3,00,
nötig war Dc5+ und alles ist exakt im Lot.} 29. Kg2 Ne4 30. Qd1 Bb7 31.
Be6+? {dieser Zug stellt die Partie komplett auf den Kopf, um 6
Bauerneinheiten !!! schlechter als h4, und plötzlich ist Schwarz mit +2,00
im Vorteil} Kh8 32. Qf3 {deutlich schwächer als h4, Stockfish +3,30 für
Schwarz mit der Fortsetzung Db8} Qb8 33. Qf5? {Mephisto Lyon 68020 +0,42
verkennt völlig diese Stellung, nochmals 2 Bauerneinheiten schlechter als
Lh6, nach diesem Zug ist die Partie praktisch verloren, Stockfish +5,00 für
Schwarz mit der Fortsetzung d4} d4 {Pewatronic Masterchess: +0,9 /
Stockfish +6,00} 34. Kg1 {Mephisto Lyon 68020: -0,78 / auch dieser Zug ist
ganz schlecht um 4 Bauerneinheiten schlechter als Kh3, Stockfish +10,00 für
Schwarz} Nxg5 35. Qxg5 dxc3 36. Qe3 cxb2 37. h4 Ra1 {Stockfish Matt in 11}
38. Bf5 c3 39. Qd4 {Mephisto Lyon 68020: -10,0 ---------> Aufgabe} 0-1
[/pgn]
[pgn]

[Event "Turnier 40 / 120"]
[Site "Wien"]
[Date "2022.01.25"]
[Round "37"]
[White "Pewatronic Masterchess SH7034 - 24 MHZ"]
[Black "Mephisto Lyon 68020 - 12 MHZ"]
[Result "1-0"]
[BlackElo "2173"]
[WhiteElo "2155"]

1. e4 c5 2. c3 Nf6 3. e5 Nd5 4. d4 cxd4 5. cxd4 d6 6. Nf3 Nc6 {Buchende} 7.
Nc3 Nxc3 {Buchbewertung Mephisto Lyon 68020: -0,06} 8. bxc3 Qa5 9. exd6
Qxc3+? {ein fataler Fehler, der den vergifteten Bauern nimmt, dieser Zug
verliert die Partie sofort, Stockfish +5,00 für Weiss} 10. Bd2
{Buchbewertung Pewatronic: -0,2 sieht hier keinen Vorteil} Qb2 11. Bc4!
{der richtige Zug, Weiss steht auf Gewinn, Stockfish +5,30} Bf5 12. d7+!
{wieder richtig !} Bxd7 13. Rb1! {wieder richtig, Stockfish +6,00} Qa3 14.
Rxb7! {natürlich richtig} e6 15. d5 {um 2 Bauerneinheiten schwächer als
0-0, Weiss steht aber noch klar auf Gewinn, Stockfish +4,00} exd5 16. Bxd5
O-O-O 17. Qb3 {besser ist Tb3, Weiss bleibt aber noch klar im Vorteil mit
ca. +3,00} Re8+ 18. Kf1 {deutlich besser ist Kd1, Stockfish +2,00 für
Weiss.} Qxb3 19. Rxb3 f6 20. Rc3 Bb4 21. Rxc6+ Bxc6 22. Bxc6 Re6 23. Ba4
Bxd2 24. Nxd2 Rd8 25. Nf3 Kb7? {deutlich besser ist Td3, Stockfish +3,00
für Weiss mit der Fortsetzung g3} 26. g3 g5 27. Kg2 g4 28. Rb1+ Kc7 29.
Ng1? {deutlich besser ist Sh4, Stockfish +1,80 für Weiss, Sh4 bewertet er
mit +3,20 für Weiss.} Rd2 30. Rc1+ Kb6 31. Bb3 Re5 32. Rd1 {besser ist Kf1,
Stockfish +1,50 für Weiss} Rxd1 33. Bxd1 Ra5 34. Bb3 Re5 35. f4 {besser ist
h3} Re7 {besser ist gxf3} 36. h3 h5 37. h4! {der richtige Zug, Stockfish
+3,00 für Weiss} Kc5 38. Kf2 Kd6 39. Ne2 Rb7 40. Nc3 f5 41. Nd1 {die
Stellung ist gewonnen für Weiss, Stockfish +4,70} Ke7 42. Ne3 Kf6 43. Ke2
Rb8 44. Bc2 Rb5 45. Kd3 Rb8 46. Kd2 Rd8+ 47. Ke2 Rb8 48. a4 Rb2 49. Kd1 Ra2
50. Kc1 Ra1+ 51. Kb2 Rg1 52. Nxf5 Rg2 53. Nd6 a5 54. Kb1 Rg1+ 55. Ka2 Rg2
56. Kb2 Ke6 57. Ne4 Kf5 58. Nc5+ Kf6 59. Kb1 Rg1+ 60. Ka2 Rg2 61. Kb2 Rg1
62. Ne4+ Ke6 63. Kc3 Rf1 64. Kd4 Ra1 65. Nc5+ Kf6 66. Kd5 Re1 67. Ne4+ Ke7
68. f5 Rc1 69. f6+ Kf7 70. Bb3 Rb1 71. Bc4 Kg6 72. Ke6 Rb6+ 73. Ke5 Rb1 74.
f7 Kg7 75. Nf6 {Rest geschenkt} 1-0
[/pgn]
[pgn]